Una aproximación al sistema de creencias matemáticas en futuros maestros (Record no. 181460)
[ view plain ]
| 000 -CABECERA | |
|---|---|
| campo de control de longitud fija | 01935nab a2200277 a 4500 |
| 005 - FECHA Y HORA DE LA ÚLTIMA TRANSACCIÓN | |
| campo de control | 20210219162714.0 |
| 008 - ELEMENTOS DE LONGITUD FIJA--INFORMACIÓN GENERAL | |
| campo de control de longitud fija | 991125s1985 mx 000 0 spa u |
| 035 ## - NÚMERO DE CONTROL DEL SISTEMA | |
| Número de control de sistema | UPN01000209359 |
| 049 ## - COLECCIÓN | |
| Colección | ART |
| 100 1# - ASIENTO PRINCIPAL--NOMBRE PERSONAL | |
| Nombre de persona | Hidalgo Alonso, Santiago |
| 100 1# - ASIENTO PRINCIPAL--NOMBRE PERSONAL | |
| Nombre de persona | Maroto Sáez, Ana |
| 100 1# - ASIENTO PRINCIPAL--NOMBRE PERSONAL | |
| Filiación | amaroto@am.uva.es |
| 100 1# - ASIENTO PRINCIPAL--NOMBRE PERSONAL | |
| Nombre de persona | Palacios Picos, Andrés |
| 100 1# - ASIENTO PRINCIPAL--NOMBRE PERSONAL | |
| Filiación | palacios@psi.uva.es |
| 222 #0 - TÍTULO CLAVE | |
| Título clave | EDUCACION MATEMATICA |
| 245 00 - MENCIÓN DE TÍTULO | |
| Título | Una aproximación al sistema de creencias matemáticas en futuros maestros |
| 260 ## - PUBLICACIÓN, DISTRIBUCIÓN, ETC. | |
| Lugar de publicación, distribución, etc. | México |
| 300 ## - DESCRIPCIÓN FÍSICA | |
| Extensión | 65-90 |
| 362 0# - FECHAS DE PUBLICACIÓN Y/O DESIGNACIÓN SECUENCIAL | |
| Fecha de publicación y/o designación secuencial | 2015 Volumen 27, número 1, abril |
| 520 3# - NOTA DE RESUMEN, ETC. | |
| Sumario, etc. | El estudio de los factores afectivos ha dado respuesta a incógnitas presentes en algunos procesos de enseñanza-aprendizaje de las matemáticas. En este trabajo nos proponemos estudiar uno de los componentes del dominio afectivo: las creencias matemáticas; en particular, nos interesa realizar una categorización del sistema de creencias matemáticas de los futuros maestros y conocer las asociaciones verbales que realizan sobre las matemáticas. A una muestra de más de mil estudiantes del Grado de Maestro en Educación Primaria de diez centros universitarios públicos de España, se les aplicó una escala tipo Likert sobre creencias matemáticas. El análisis estadístico nos indica que las asociaciones que los futuros docentes realizan sobre las matemáticas se sitúan en lo cognitivo y metacognitivo (estrategias de conocimiento). Sin embargo, en lo relativo a sus vivencias con las matemáticas, manifiestan un fuerte componente afectivo, mayoritariamente negativo, respecto al autoconcepto, al gusto y a las atribuciones de causalidad y una valoración positiva de su conexión social: utilidad y necesidad |
| 653 0# - TERMINO DE INDIZACION - NO CONTROLADO | |
| Término no controlado | CREENCIAS MATEMATICAS |
| 653 0# - TERMINO DE INDIZACION - NO CONTROLADO | |
| Término no controlado | FORMACION DOCENTE |
| 653 0# - TERMINO DE INDIZACION - NO CONTROLADO | |
| Término no controlado | DOMINIO AFECTIVO |
| 856 4# - LOCALIZACIÓN Y ACCESO ELECTRÓNICOS | |
| Identificador Uniforme del Recurso | <a href="http://www.redalyc.org/articulo.oa?id=40540690004">http://www.redalyc.org/articulo.oa?id=40540690004</a> |
| 905 ## - TIPO DE MATERIAL | |
| Tipo de material | Articulo |
No items available.
